Be One With God: (Record no. 187318)

MARC details
000 -LEADER
fixed length control field 00653nam a22001817a 4500
005 - DATE AND TIME OF LATEST TRANSACTION
control field 20220412130020.0
010 ## - LCCN (DPL NO)
LC control number ENG-132276
020 ## - INTERNATIONAL STANDARD BOOK NUMBER
International Standard Book Number 9788195423002
Terms of availability 300
035 ## - SYSTEM CONTROL NUMBER
System control number EN-115808
037 ## - SOURCE OF ACQUISITION
Source of stock number/acquisition DBAD/PUB
082 ## - DEWEY DECIMAL CLASSIFICATION NUMBER
Classification number 181.46
Edition number First Edition
100 ## - MAIN ENTRY--PERSONAL NAME
Personal name Vivekananda, Swami
245 ## - TITLE STATEMENT
Title Be One With God:
Remainder of title A Guiding Light to Mankind/
260 ## - PUBLICATION, DISTRIBUTION, ETC. (IMPRINT)
Place of publication, distribution, etc Bengaluru
Name of publisher, distributor, etc India For You Publications
Date of publication, distribution, etc 2020
270 ## - ADDRESS
Address No. 13/1 , Reservoir street , Basavanagudi
City Bengaluru
Postal code 560004
Telephone number 080-41425962 , 9611100374
Electronic mail address naveena.ck@karthavya.co.in
300 ## - PHYSICAL DESCRIPTION
Extent xii, 402p.
Other physical details References
Dimensions 21.5cm(pbk)
942 ## - ADDED ENTRY ELEMENTS (KOHA)
Source of classification or shelving scheme Dewey Decimal Classification
Item type English Books
Call number suffix VIV
Classification part 181.46
Edition First Edition
Holdings
Withdrawn status Lost status Not for loan Collection code Home library Current library Date acquired Source of acquisition Cost, normal purchase price Full call number Barcode Copy number Cost, replacement price Koha item type
      Non-fiction Sarojini Nagar Sarojini Nagar 12/04/2022 DBAD/PUB 300.00 181.46 VIV EN-115808 1 300.00 English Books

© Delhi Public Library
Hit Counter
free hit counter